[Event "ESP-chT Div Honor 2018"]
[Site "Linares"]
[Date "2018.08.12"]
[Round "7"]
[White "Saric, Ivan"]
[Black "Volkov, Sergey"]
[Result "1-0"]
[WhiteElo "2690"]
[BlackElo "2557"]
[Annotator "TA"]
[EventDate "2018.08.06"]
[PlyCount "71"]
[EventType "team-tourn"]
[EventCountry "ESP"]

1. e4 e6 2. d4 d5 3. Nc3 Nf6 4. Bg5 dxe4 5. Nxe4 Nbd7 6. Nf3 Be7 7. Nxf6+
Bxf6 8. h4 O-O 9. Qe2 c5 10. O-O-O cxd4 11. Qe4 Re8 $146 12. Rxd4 Qe7 13.
Bd3 Nf8 14. Ne5 Rd8 15. Rxd8 $18 Qxd8 16. Bxf6 $1 Qxf6 17. g4 $1 Qd8 18. g5
$1 Qd5 19. Rd1 Qxa2 $2 20. Qb4 Nd7 21. Bc4 Qa1+ 22. Kd2 Qxd1+ 23. Kxd1 Nxe5
24. Qd6 Nc6 25. Bb5 g6 26. Kc1 a6 27. Bxc6 bxc6 28. Qxc6 Rb8 29. Qc7 Ra8
30. b4 Kg7 31. c4 Kg8 32. c5 Kg7 33. c6 Kg8 34. Qd8+ Kg7 35. c7 e5 36. Qd5
1-0

[Event "ESP-chT Div Honor 2018"]
[Site "Linares"]
[Date "2018.08.12"]
[Round "7"]
[White "Ponomariov, Ruslan"]
[Black "Antipov, Mikhail Al"]
[Result "1/2-1/2"]
[WhiteElo "2686"]
[BlackElo "2598"]
[Annotator "TA"]
[EventDate "2018.08.06"]
[PlyCount "49"]
[EventType "team-tourn"]
[EventCountry "ESP"]

1. d4 Nf6 2. c4 c6 3. Nc3 d5 4. Nf3 a6 5. e3 Bf5 6. Qb3 Ra7 7. Nh4 Bc8 8.
Qc2 b5 9. b3 e5 10. dxe5 Ne4 $1 11. Nxe4 dxe4 12. Qxe4 Bb4+ 13. Ke2 O-O
$146 14. g3 Qa5 15. a3 Bc3 16. Ra2 bxc4 17. bxc4 Rd8 18. f4 Bg4+ 19. Nf3 $1
$16 g6 20. Qc2 Rad7 21. Kf2 Rd1 22. Bg2 R1d3 23. Bf1 Rd1 24. Bg2 R1d3 25.
Bf1 1/2-1/2

[Event "ESP-chT Div Honor 2018"]
[Site "Linares"]
[Date "2018.08.12"]
[Round "7"]
[White "Rodshtein, Maxim"]
[Black "Baklan, Vladimir"]
[Result "1/2-1/2"]
[WhiteElo "2678"]
[BlackElo "2596"]
[Annotator "TA"]
[EventDate "2018.08.06"]
[PlyCount "52"]
[EventType "team-tourn"]
[EventCountry "ESP"]

1. d4 Nf6 2. c4 e6 3. Nf3 b6 4. g3 Bb7 5. Bg2 Bb4+ 6. Bd2 Bxd2+ 7. Qxd2 O-O
8. Nc3 Ne4 9. Qd3 f5 10. O-O Nxc3 11. Qxc3 d6 12. c5 Bd5 13. cxd6 cxd6 14.
Nh4 Bxg2 15. Nxg2 $146 Nd7 16. Rac1 Re8 17. Qa3 Nf6 18. Rc6 $1 Rc8 19. Rxd6
Qe7 $11 20. Nf4 g5 21. Rxe6 Qxa3 22. bxa3 Kg7 23. Rxe8 Rxe8 24. Nd3 Rxe2
25. Rc1 Rxa2 26. Rc7+ Kg6 1/2-1/2

[Event "ESP-chT Div Honor 2018"]
[Site "Linares"]
[Date "2018.08.12"]
[Round "7"]
[White "Kuzubov, Yuriy"]
[Black "Vitiugov, Nikita"]
[Result "1/2-1/2"]
[WhiteElo "2647"]
[BlackElo "2730"]
[Annotator "TA"]
[EventDate "2018.08.06"]
[PlyCount "45"]
[EventType "team-tourn"]
[EventCountry "ESP"]

1. d4 Nf6 2. c4 e6 3. Nf3 d5 4. g3 Bb4+ 5. Bd2 Be7 6. Bg2 c6 7. Qc2 b6 8.
O-O Bb7 9. Rd1 Nbd7 10. Bf4 Rc8 11. Nc3 dxc4 12. Nd2 Nd5 13. Nxc4 Nxf4 14.
gxf4 O-O 15. Rac1 Qc7 16. e3 Rfd8 17. a3 $146 Nf8 18. Ne5 $36 Qb8 19. f5
Bf6 20. Ng4 Be7 21. Ne5 Bf6 22. Ng4 Be7 $1 23. Ne5 1/2-1/2

[Event "ESP-chT Div Honor 2018"]
[Site "Linares"]
[Date "2018.08.12"]
[Round "7"]
[White "Rakhmanov, Aleksandr"]
[Black "Shirov, Alexei"]
[Result "1-0"]
[WhiteElo "2629"]
[BlackElo "2631"]
[TimeControl "40/5400+30:1800+30"]
[Annotator "RC"]
[EventDate "2018.08.06"]
[PlyCount "103"]
[EventType "team-tourn"]
[EventCountry "ESP"]

1. d4 d5 2. c4 c6 3. Nf3 Nf6 4. cxd5 cxd5 5. Nc3 Nc6 6. Bf4 Bf5 7. e3 e6 8.
Qb3 Bb4 9. Ne5 Qb6 10. Nxc6 bxc6 11. Be2 Ne4 12. f3 Nxc3 13. bxc3 Be7 14.
c4 Qxb3 15. axb3 Bb4+ 16. Kf2 a5 17. Rhc1 Kd7 18. g4 Bg6 19. cxd5 exd5 20.
e4 dxe4 21. d5 cxd5 22. Bb5+ Ke7 23. Rc7+ Kf8 24. Bc6 Rd8 25. Rd1 Bc5+ 26.
Kg3 e3 27. Bb5 Bb4 28. Rdc1 h5 29. Rc8 Be7 30. Rxd8+ Bxd8 31. Rc8 Ke7 32.
Bg5+ f6 33. Bxe3 hxg4 34. fxg4 Be4 35. h4 d4 36. Bxd4 Bb7 37. Rc3 Bd5 38.
h5 Kf7 39. Bd3 Rf8 40. Bh7 Be6 41. Kh4 Be7 42. Bg6+ Kg8 43. Re3 f5+ 44. g5
Rd8 45. Ba1 Rd6 46. Bxf5 Bxf5 47. Rxe7 Rd7 48. Re5 g6 49. h6 Rd1 50. Rxa5
Rg1 51. Ra4 Rb1 52. Ra7 1-0

[Event "ESP-chT Div Honor 2018"]
[Site "Linares"]
[Date "2018.08.12"]
[Round "7"]
[White "Perez Candelario, Manuel"]
[Black "Anton Guijarro, David"]
[Result "1/2-1/2"]
[WhiteElo "2611"]
[BlackElo "2652"]
[Annotator "TA"]
[EventDate "2018.08.06"]
[PlyCount "158"]
[EventType "team-tourn"]
[EventCountry "ESP"]

1. e4 e5 2. Nf3 Nc6 3. Bb5 a6 4. Ba4 Nf6 5. O-O Nxe4 6. d4 b5 7. Bb3 d5 8.
dxe5 Be6 9. Qe2 Nc5 10. Rd1 Nxb3 11. axb3 Be7 12. c4 b4 13. Bg5 $146 Bxg5
14. cxd5 Bxd5 15. Nxg5 Qxg5 16. Rxd5 O-O 17. Nd2 Rad8 18. Nf3 Qf5 19. Rxd8
Rxd8 20. h3 a5 21. Rc1 Nd4 22. Nxd4 Rxd4 23. Rxc7 $11 h6 24. Rc5 Re4 25.
Qd2 Rxe5 26. Rxe5 Qxe5 $15 27. h4 h5 28. g3 g6 29. Qd8+ Kg7 30. Qd2 Qe4 31.
Kf1 Kh7 32. Kg1 Qf3 33. Qc2 Qd5 34. Kf1 Kg7 35. Ke2 Kf6 36. f3 Qe6+ 37. Kf2
Qb6+ 38. Kg2 Qe3 39. Qd1 Kg7 40. Qc2 Kh7 41. Qd1 Kg7 42. Qc2 Qd4 43. Kf1
Qd5 44. Kg2 Kf6 45. Kf2 $1 Qe5 46. Qd2 Ke6 47. Kg2 f6 48. Qc2 Kf7 49. Qd2
Ke7 50. Qc2 Kd6 51. Qd3+ Kc7 52. Qc2+ Kb6 53. Qd2 Kc7 54. Qc2+ Kd6 55. Qd3+
Ke7 56. Qc2 g5 57. hxg5 fxg5 58. Qh7+ Kf8 59. Qh6+ Ke7 60. Qh7+ Kd6 61.
Qg6+ Qe6 62. Qc2 Qf6 63. Qd3+ Ke7 64. Qe3+ Kf7 65. Qd2 Kg7 66. Qd7+ Kh6 67.
Qd2 Qe5 68. Qf2 Qe6 69. Qc2 Qd5 70. Kf2 g4 71. Qc1+ Kg6 72. Qe3 gxf3 73.
Qb6+ Kf5 74. Qe3 Kg6 75. Qb6+ Kg7 76. Qa7+ Kf6 77. Qe3 Kg6 78. Qb6+ Kf5 79.
Qe3 Kg6 1/2-1/2

[Event "ESP-chT Div Honor 2018"]
[Site "Linares"]
[Date "2018.08.12"]
[Round "7"]
[White "Oparin, Grigoriy"]
[Black "Navara, David"]
[Result "1/2-1/2"]
[WhiteElo "2609"]
[BlackElo "2741"]
[Annotator "TA"]
[EventDate "2018.08.06"]
[PlyCount "83"]
[EventType "team-tourn"]
[EventCountry "ESP"]

1. Nf3 d5 2. g3 Nf6 3. Bg2 e6 4. O-O Be7 5. c4 O-O 6. b3 d4 7. e3 c5 8.
exd4 cxd4 9. Bb2 Nc6 10. Re1 Re8 11. d3 Bc5 12. Ne5 Nxe5 13. Rxe5 Qd6 14.
Qe2 Rb8 15. Nd2 b6 16. f4 Bb7 17. Bxb7 Rxb7 18. Ne4 Nxe4 19. Qxe4 $146 Rbe7
20. Qf3 f6 21. Re4 e5 22. Rae1 exf4 23. gxf4 Qc6 24. Kg2 Rxe4 25. Rxe4 Rxe4
26. Qxe4 Qxe4+ $17 27. dxe4 $11 d3 28. Kf3 g5 $1 29. Bc3 $1 h5 30. h3 Kf7
31. b4 Bd6 32. e5 g4+ 33. hxg4 $16 hxg4+ 34. Kxg4 fxe5 35. fxe5 Bxe5 36.
Bd2 Ke6 37. a4 a6 38. Kf3 b5 $1 $11 39. axb5 axb5 40. cxb5 Kd5 41. b6 Kc6
42. Ke4 1/2-1/2

[Event "ESP-chT Div Honor 2018"]
[Site "Linares"]
[Date "2018.08.12"]
[Round "7"]
[White "Kokarev, Dmitry"]
[Black "Kryvoruchko, Yuriy"]
[Result "1/2-1/2"]
[WhiteElo "2608"]
[BlackElo "2711"]
[Annotator "TA"]
[EventDate "2018.08.06"]
[PlyCount "60"]
[EventType "team-tourn"]
[EventCountry "ESP"]

1. e4 e5 2. Nf3 Nc6 3. Bb5 Nf6 4. d3 Bc5 5. Bxc6 dxc6 6. Nbd2 Nd7 7. O-O
O-O 8. Nc4 Re8 9. Bd2 f6 10. Nh4 Nf8 11. Ne3 $146 Ne6 12. Kh1 b6 13. g3
Bxe3 14. Bxe3 c5 15. b3 Nd4 16. g4 g6 17. Rg1 Ne6 18. Nf3 g5 19. h4 h6 20.
Nd2 Nf4 21. a4 Be6 22. Qf3 Qd7 23. Kh2 Kg7 24. h5 Rad8 25. Ra3 Qc6 26. Rga1
Bc8 27. Qg3 Ne2 28. Qf3 Nf4 29. Qg3 Ne2 30. Qf3 Nf4 1/2-1/2

[Event "ESP-chT Div Honor 2018"]
[Site "Linares"]
[Date "2018.08.12"]
[Round "7"]
[White "Lopez Martinez, Josep Manuel"]
[Black "Santos Latasa, Jaime"]
[Result "1/2-1/2"]
[WhiteElo "2585"]
[BlackElo "2582"]
[TimeControl "40/5400+30:1800+30"]
[Annotator "ChessBase"]
[EventDate "2018.08.06"]
[PlyCount "92"]
[EventType "team-tourn"]
[EventCountry "ESP"]

1. d4 Nf6 2. c4 e6 3. Nf3 d5 4. Nc3 Bb4 5. cxd5 exd5 6. Bg5 h6 7. Bxf6 Qxf6
8. Qa4+ Nc6 9. Rc1 O-O 10. e3 a6 11. a3 Bxc3+ 12. Rxc3 Qg6 13. Qd1 Re8 14.
g3 Bg4 15. Bg2 Rad8 16. h3 Bxf3 17. Bxf3 Qd6 18. O-O Ne7 19. Qb3 Rb8 20.
Bg2 c6 21. Qc2 Qf6 22. a4 Nf5 23. Rc1 Nd6 24. Qd1 a5 25. b3 Ra8 26. Rc5 Qd8
27. Rb1 Ra7 28. Rc2 g6 29. Rc5 h5 30. h4 Kg7 31. Rc2 Rh8 32. Rcc1 Ra8 33.
Qf3 Re8 34. Qd1 Ra6 35. Rc5 Rb6 36. Rxa5 Rxb3 37. Qxb3 Qxa5 38. Qb4 Qxb4
39. Rxb4 Ra8 40. Bf1 f5 41. Bd3 Kf6 42. Kg2 Ra7 43. Kf3 Nf7 44. Ke2 Nd6 45.
Kf3 Nf7 46. Ke2 Nd6 1/2-1/2

[Event "ESP-chT Div Honor 2018"]
[Site "Linares"]
[Date "2018.08.12"]
[Round "7"]
[White "Forcen Esteban, Daniel"]
[Black "Jones, Gawain C B"]
[Result "0-1"]
[WhiteElo "2569"]
[BlackElo "2666"]
[Annotator "TA"]
[EventDate "2018.08.06"]
[PlyCount "116"]
[EventType "team-tourn"]
[EventCountry "ESP"]

1. e4 c5 2. Nf3 Nc6 3. d4 cxd4 4. Nxd4 g6 5. c4 Nf6 6. Nc3 d6 7. Be2 Nxd4
8. Qxd4 Bg7 9. Bg5 O-O 10. Qd2 Be6 11. O-O Qa5 12. Rac1 a6 13. Rfd1 Rfc8
14. Bxf6 Bxf6 15. Nd5 Qxd2 16. Nxf6+ Kg7 17. Nh5+ gxh5 18. Rxd2 b5 19. Rdc2
h4 20. f4 Ra7 $146 21. Rc3 b4 22. Re3 Rac7 23. b3 Rc5 24. Bd3 Bd7 25. Rf1
Ra5 26. Bb1 Ra3 27. e5 Rxc4 $1 28. exd6 exd6 29. Re7 Rc7 30. f5 Kf6 $1 31.
Re4 $1 h3 32. Rh4 hxg2 33. Kxg2 Ra5 34. Rh6+ Kg7 35. Rxd6 f6 36. Rf4 h5 37.
Rh4 Bxf5 38. Bxf5 Rxf5 39. Rxa6 $11 Rc2+ 40. Kg3 Rc3+ 41. Kg2 Rc2+ 42. Kg3
Kg6 43. Rd6 $2 Kg5 $1 $19 44. Rd3 Rff2 45. Rdd4 f5 46. Rc4 Rxa2 47. Rxb4
Rac2 $2 48. Rhc4 $1 $11 Rg2+ 49. Kf3 Rcf2+ 50. Ke3 Rxh2 51. Rc8 $2 Re2+ $1
$19 52. Kf3 Rhf2+ 53. Kg3 h4+ $1 54. Rxh4 Rg2+ 55. Kh3 Rh2+ 56. Kg3 Reg2+
$1 57. Kf3 Rf2+ 58. Kg3 f4+ 0-1

[Event "ESP-chT Div Honor 2018"]
[Site "Linares"]
[Date "2018.08.12"]
[Round "7"]
[White "Muzychuk, Anna"]
[Black "Aroshidze, Levan"]
[Result "1/2-1/2"]
[WhiteElo "2564"]
[BlackElo "2504"]
[TimeControl "40/5400+30:1800+30"]
[Annotator "RC"]
[EventDate "2018.08.06"]
[PlyCount "63"]
[EventType "team-tourn"]
[EventCountry "ESP"]

1. e4 c5 2. Nf3 e6 3. d4 cxd4 4. Nxd4 a6 5. c4 Nf6 6. Nc3 Qc7 7. Be2 Bb4 8.
Nc2 Be7 9. f4 d6 10. Be3 O-O 11. Rc1 b6 12. Nd4 Bb7 13. Bf3 Re8 14. O-O Bf8
15. g4 Nfd7 16. g5 Nc6 17. b3 Rac8 18. h4 Qb8 19. Qd2 Nxd4 20. Bxd4 Bc6 21.
h5 b5 22. cxb5 axb5 23. g6 fxg6 24. hxg6 hxg6 25. Qg2 b4 26. Ne2 e5 27. Be3
Nf6 28. fxe5 dxe5 29. Qxg6 Bb5 30. Rxc8 Rxc8 31. Bg4 Nxg4 32. Qf7+ 1/2-1/2

[Event "ESP-chT Div Honor 2018"]
[Site "Linares"]
[Date "2018.08.12"]
[Round "7"]
[White "Santos Ruiz, Miguel"]
[Black "Ramiro Ovejero, Juan Luis"]
[Result "1-0"]
[WhiteElo "2517"]
[BlackElo "2382"]
[TimeControl "40/5400+30:1800+30"]
[Annotator "ChessBase"]
[EventDate "2018.08.06"]
[PlyCount "79"]
[EventType "team-tourn"]
[EventCountry "ESP"]

1. e4 c5 2. Nf3 e6 3. d4 cxd4 4. Nxd4 a6 5. c4 Nf6 6. Nc3 Bb4 7. Qd3 d5 8.
exd5 exd5 9. Be2 O-O 10. O-O Nc6 11. cxd5 Nxd5 12. Nxc6 bxc6 13. Nxd5 Qxd5
14. Qg3 Bd6 15. Bf4 Bxf4 16. Qxf4 Be6 17. Rfc1 Rab8 18. b3 Rb6 19. Bf3 Qb5
20. Qe3 a5 21. Rc5 Qa6 22. Qc3 Rb4 23. Rd1 g6 24. Rxc6 Rb6 25. Rc5 Rb4 26.
Rc6 Rb6 27. Rdd6 Rxc6 28. Rxc6 Qa7 29. Rc5 a4 30. Ra5 Qb8 31. Rxa4 Rc8 32.
Qd2 Qe5 33. Rd4 Kg7 34. h3 Bf5 35. Rc4 Rxc4 36. bxc4 Qa1+ 37. Kh2 Bb1 38.
a4 h5 39. h4 Kh7 40. a5 1-0

[Event "ESP-chT Div Honor 2018"]
[Site "Linares"]
[Date "2018.08.12"]
[Round "7"]
[White "Cuenca Jimenez, Jose Fernando"]
[Black "Alshameary Puente, Ismael"]
[Result "0-1"]
[WhiteElo "2506"]
[BlackElo "2343"]
[Annotator "TA"]
[EventDate "2018.08.06"]
[PlyCount "218"]
[EventType "team-tourn"]
[EventCountry "ESP"]

1. d4 Nf6 2. c4 e6 3. Nf3 Bb4+ 4. Bd2 a5 5. g3 b6 6. Bg2 Bb7 7. O-O O-O 8.
Bf4 Be7 9. Nc3 d6 10. Qc2 Nc6 $146 11. Rad1 Nd7 12. e4 g5 13. Be3 $16 g4
14. Ne1 $1 e5 15. d5 Nd4 16. Bxd4 exd4 17. Nb5 Bf6 18. Nxd4 Ne5 19. Qe2 Ba6
20. b3 Bc8 21. Nec2 Re8 22. a4 Bg7 23. Ne3 Qg5 24. Ndf5 Bxf5 25. Nxf5 Nd7
26. Qc2 Nc5 27. Rde1 Re5 28. Re3 Rae8 29. Rfe1 h5 30. h4 Qg6 31. Nd4 Ra8
32. Qd1 Nd7 33. Nf5 Rae8 34. Kh2 Nc5 35. f4 Qxf5 $1 $11 36. fxe5 Qxe5 37.
Rf1 Nd7 38. Qe2 $16 Bh6 39. Qf2 Re7 40. Ree1 Nc5 41. Qc2 Bg7 42. Re2 Qc3 $1
$11 43. Rb1 Be5 44. Qxc3 Bxc3 45. Rc2 Be5 46. b4 axb4 47. Rxb4 Re8 48. Ra2
Ra8 49. Rb5 Rxa4 50. Rxa4 Nxa4 51. Rb3 Nc3 52. Kg1 Kg7 53. Kf2 Kf6 54. Ke3
Ke7 55. Kd2 Na4 56. Ra3 Nc5 57. Ke2 Nd7 58. Kf1 Nc5 59. Kg1 Bb2 60. Ra7 Kd7
61. Kh2 Bd4 62. Ra8 Bf6 63. Bf1 Bd8 64. Ra3 Bf6 65. Bg2 Be5 66. Ra2 Ke7 67.
Rf2 Nd7 68. Bf1 Nf6 69. Bd3 Kd7 70. Kg2 Ke7 71. Ra2 $16 Bd4 72. Ra8 Nd7 73.
Rc8 Nc5 74. Bc2 Kd7 75. Rg8 Bf6 76. Ra8 Bd8 77. Ra1 Ke7 78. Rf1 Nd7 79. Rf5
Nf6 80. Kf2 Kf8 81. Ke2 Be7 82. Kd2 Bd8 83. Bd3 Be7 84. Ke3 Bd8 85. Bc2 Be7
86. Kf4 Kg7 87. Ba4 Bd8 88. e5 dxe5+ 89. Rxe5 Kf8 90. Kf5 Kg7 91. Bc6 Ng8
$1 92. Kf4 Nf6 93. Re2 Ng8 $1 $14 94. Re5 Nf6 $16 95. Ba4 Kf8 $1 96. Bc2
Be7 $14 97. Kf5 Ne8 $1 $11 98. Ke4 Bd6 99. Rf5 Bxg3 100. Kd3 $2 Ng7 $19
101. Rf1 Bxh4 102. Kd4 Ke7 103. Rh1 Bf2+ 104. Ke5 Bg3+ 105. Kd4 f5 106. c5
bxc5+ 107. Kxc5 h4 108. Kd4 Bf2+ 109. Ke5 g3 0-1

[Event "ESP-chT Div Honor 2018"]
[Site "Linares"]
[Date "2018.08.12"]
[Round "7"]
[White "Moskalenko, Viktor"]
[Black "Magem Badals, Jordi"]
[Result "1/2-1/2"]
[WhiteElo "2504"]
[BlackElo "2531"]
[Annotator "TA"]
[EventDate "2018.08.06"]
[PlyCount "119"]
[EventType "team-tourn"]
[EventCountry "ESP"]

1. d4 Nf6 2. Bf4 g6 3. e3 d6 4. Nf3 Nh5 5. Bg5 h6 6. Bh4 g5 7. Nfd2 Ng7 8.
Bg3 Nf5 9. Bd3 Bg7 10. c3 Nxg3 11. hxg3 Nc6 12. Qc2 $146 e6 13. Nf1 Bd7 14.
g4 Qe7 15. Ng3 Rf8 16. Nd2 O-O-O 17. b4 Qe8 $1 18. a4 Ne7 19. b5 f5 20. O-O
f4 21. Nge4 d5 22. Nc5 $36 e5 $2 23. a5 $1 $18 fxe3 24. fxe3 Rxf1+ 25. Nxf1
Bxg4 $2 26. Qb3 Kb8 27. b6 Bc8 28. Rb1 axb6 29. axb6 Qc6 30. bxc7+ Kxc7 31.
Qa3 Rf8 32. Qa5+ b6 33. Qa7+ Kd8 34. Rxb6 Qc7 35. Qxc7+ $2 Kxc7 $11 36. Rb1
exd4 37. exd4 Nc6 38. Kh1 Re8 39. Ba6 Bf8 40. Bxc8 Kxc8 41. Na4 Kc7 42. Nb6
Ne7 43. Ne3 Kc6 44. c4 dxc4 45. Nbxc4 Nd5 46. Nf5 Nc3 47. Rb3 Ne2 48. Nce3
h5 49. g3 Re4 50. d5+ Kc7 51. Kg2 Ra4 52. Rd3 Bd6 53. Rd2 Nc3 54. Nd4 Kd7
55. Ne6 Nxd5 56. Rxd5 Kxe6 57. Rxg5 h4 58. Rg6+ Kd7 59. gxh4 Rxh4 60. Rxd6+
1/2-1/2

[Event "ESP-chT Div Honor 2018"]
[Site "Linares"]
[Date "2018.08.12"]
[Round "7"]
[White "Paehtz, Elisabeth"]
[Black "Assaubayeva, Bibisara"]
[Result "1/2-1/2"]
[WhiteElo "2500"]
[BlackElo "2346"]
[TimeControl "40/5400+30:1800+30"]
[Annotator "ChessBase"]
[EventDate "2018.08.06"]
[PlyCount "60"]
[EventType "team-tourn"]
[EventCountry "ESP"]

1. d4 Nf6 2. Nf3 g6 3. g3 Bg7 4. Bg2 O-O 5. O-O d6 6. c4 Nc6 7. Nc3 a6 8.
Bf4 Rb8 9. Rc1 h6 10. h3 Bd7 11. b3 Nh5 12. Be3 e5 13. dxe5 dxe5 14. Qd2 g5
15. Bc5 Re8 16. Rfd1 Nf6 17. e4 Qc8 18. h4 g4 19. Nh2 Nd4 20. Nd5 Qd8 21.
Ne3 Ne6 22. Ba3 Nd4 23. Bc5 Ne6 24. Ba3 Nd4 25. Bc5 Ne6 26. Ba3 Nd4 27. Bc5
Ne6 28. Ba3 Nd4 29. Bc5 Ne6 30. Ba3 Nd4 1/2-1/2

[Event "ESP-chT Div Honor 2018"]
[Site "Linares"]
[Date "2018.08.12"]
[Round "7"]
[White "Ubilava, Elizbar"]
[Black "Matnadze, Ana"]
[Result "1-0"]
[WhiteElo "2485"]
[BlackElo "2378"]
[TimeControl "40/5400+30:1800+30"]
[Annotator "ChessBase"]
[EventDate "2018.08.06"]
[PlyCount "62"]
[EventType "team-tourn"]
[EventCountry "ESP"]

1. c4 Nf6 2. Nc3 e6 3. e4 d5 4. e5 d4 5. exf6 dxc3 6. bxc3 Qxf6 7. Nf3 h6
8. d4 Bd6 9. Bd3 O-O 10. Qe2 c5 11. g4 Qe7 12. g5 Re8 13. Qe4 g6 14. gxh6
f5 15. Qe2 e5 16. Rg1 e4 17. Rxg6+ Kh8 18. Bg5 exf3 19. Bxe7 fxe2 20. Rxd6
Nd7 21. Bg5 Nf8 22. Bxe2 Ne6 23. f4 cxd4 24. cxd4 b6 25. Kf2 Rb8 26. Bf3
Nxg5 27. fxg5 Kh7 28. Re1 Rxe1 29. Kxe1 b5 30. c5 b4 31. Bh5 Bb7 1-0

[Event "ESP-chT Div Honor 2018"]
[Site "Linares"]
[Date "2018.08.12"]
[Round "7"]
[White "Suarez Garcia, Carlos"]
[Black "Collazo Hidalgo-Gato, Niala"]
[Result "1-0"]
[WhiteElo "2468"]
[BlackElo "2199"]
[TimeControl "40/5400+30:1800+30"]
[Annotator "ChessBase"]
[EventDate "2018.08.06"]
[PlyCount "63"]
[EventType "team-tourn"]
[EventCountry "ESP"]

1. d4 g6 2. c4 Bg7 3. g3 d6 4. Bg2 e5 5. Nf3 Nc6 6. d5 Nce7 7. Nc3 f5 8.
O-O Nf6 9. c5 O-O 10. Qb3 Kh8 11. cxd6 cxd6 12. Nd2 Nd7 13. Nc4 Nc5 14. Qc2
b6 15. b4 Nb7 16. a4 Bd7 17. Bb2 Rc8 18. Nb5 a6 19. Na7 Rc7 20. b5 Nc5 21.
Nc6 Bxc6 22. dxc6 axb5 23. axb5 Nc8 24. Ra8 Ra7 25. Ra1 Rxa1+ 26. Bxa1 Qc7
27. Ne3 e4 28. Nd5 Qf7 29. Bxg7+ Kxg7 30. Qc3+ Kg8 31. Nf6+ Kg7 32. Ng4+
1-0

[Event "ESP-chT Div Honor 2018"]
[Site "Linares"]
[Date "2018.08.12"]
[Round "7"]
[White "Moreno Tejera, Emilio"]
[Black "Ibarra Jerez, Jose Carlos"]
[Result "1/2-1/2"]
[WhiteElo "2429"]
[BlackElo "2570"]
[TimeControl "40/5400+30:1800+30"]
[Annotator "RC"]
[EventDate "2018.08.06"]
[PlyCount "90"]
[EventType "team-tourn"]
[EventCountry "ESP"]

1. e4 c5 2. Nf3 e6 3. d3 Nc6 4. g3 e5 5. Bg2 g6 6. a3 Bg7 7. O-O Nge7 8. c3
O-O 9. b4 d6 10. Be3 b6 11. Ra2 Bb7 12. d4 cxd4 13. cxd4 exd4 14. Nxd4 Ne5
15. Nb5 d5 16. exd5 Bxd5 17. Rd2 Bxg2 18. Rxd8 Rfxd8 19. Kxg2 Rxd1 20. Rxd1
Nf5 21. Bf4 a5 22. Nc7 Rf8 23. bxa5 bxa5 24. Rd5 Nc6 25. Rc5 Nfd4 26. Nc3
Rd8 27. N7b5 Bf8 28. Nxd4 Bxc5 29. Nxc6 Rc8 30. Nxa5 Bxa3 31. Ne4 Be7 32.
Nb3 f6 33. Be3 Rc4 34. Nbd2 Rc2 35. g4 Kf7 36. Kf3 Ra2 37. Nc4 Rc2 38.
Ncd6+ Ke6 39. Nb5 Rc4 40. Nd2 Rc8 41. Ne4 Rc4 42. Nd4+ Ke5 43. Nd2 Rxd4 44.
Bxd4+ Kxd4 45. h3 Ke5 1/2-1/2

[Event "ESP-chT Div Honor 2018"]
[Site "Linares"]
[Date "2018.08.12"]
[Round "7"]
[White "Osmak, Iulija"]
[Black "Del Rio De Angelis, Salvador G"]
[Result "1/2-1/2"]
[WhiteElo "2410"]
[BlackElo "2525"]
[TimeControl "40/5400+30:1800+30"]
[Annotator "ChessBase"]
[EventDate "2018.08.06"]
[PlyCount "110"]
[EventType "team-tourn"]
[EventCountry "ESP"]

1. d4 e6 2. Bf4 Nf6 3. e3 Be7 4. h3 O-O 5. Nf3 b6 6. Nbd2 c5 7. c3 Bb7 8.
Bd3 Nc6 9. O-O Rc8 10. Bh2 d6 11. Qe2 cxd4 12. exd4 Re8 13. Rfe1 Bf8 14.
Rad1 Rc7 15. Ne4 Nxe4 16. Bxe4 g6 17. h4 Nb8 18. Bxb7 Rxb7 19. h5 Nd7 20.
hxg6 hxg6 21. Bf4 Nf6 22. Ng5 Nh5 23. Bc1 Qc8 24. Rd3 Ng7 25. g4 f6 26. Ne4
Be7 27. Rh3 d5 28. Ng3 Kf7 29. Kg2 Rh8 30. Bh6 Rh7 31. Qf3 b5 32. Ne2 Bd6
33. Reh1 Qd8 34. Bxg7 Rxg7 35. Rh8 Qc7 36. g5 f5 37. Qe3 Rb8 38. R8h7 Rg8
39. R7h4 Ke7 40. Nf4 Bxf4 41. Rxf4 Kd7 42. Rfh4 Re8 43. Qe2 Kc6 44. a4 a6
45. Ra1 Kb6 46. axb5 axb5 47. Qd2 Kb7 48. Rh6 e5 49. dxe5 Qxe5 50. Rh4 Rc7
51. Qd4 Qxd4 52. Rxd4 Re5 53. Kg3 Rc4 54. Rad1 Kc6 55. f3 Rxd4 1/2-1/2

[Event "ESP-chT Div Honor 2018"]
[Site "Linares"]
[Date "2018.08.12"]
[Round "7"]
[White "Vega Gutierrez, Sabrina"]
[Black "Gines Esteo, Pedro Antonio"]
[Result "1-0"]
[WhiteElo "2390"]
[BlackElo "2336"]
[TimeControl "40/5400+30:1800+30"]
[Annotator "NA"]
[EventDate "2018.08.06"]
[PlyCount "105"]
[EventType "team-tourn"]
[EventCountry "ESP"]

1. e4 c6 2. d4 d5 3. e5 Bf5 4. Nd2 e6 5. Nb3 Nd7 6. Nf3 Ne7 7. Be2 h6 8.
O-O g5 9. Ne1 Qc7 10. Nd3 Ng6 11. f4 c5 12. dxc5 Bg7 13. Nd4 Bxd3 14. Qxd3
Nxf4 15. Bxf4 gxf4 16. Nxe6 fxe6 17. Qg6+ Kd8 18. Qxg7 Qxc5+ 19. Kh1 Kc7
20. b4 Qf8 21. Qg4 Qg8 22. Qh3 Re8 23. Bb5 Rc8 24. Rxf4 Nxe5 25. Re1 Qg5
26. Qe3 Nc4 27. Bxc4 dxc4 28. Rxc4+ Kb8 29. Rxc8+ Rxc8 30. Qxe6 Qd2 31. a3
a6 32. h3 Rxc2 33. Qe5+ Ka8 34. Qe8+ Ka7 35. Qe3+ Qxe3 36. Rxe3 Ra2 37. g4
Kb6 38. h4 Kc6 39. g5 hxg5 40. hxg5 Kd6 41. g6 Rc2 42. g7 Rc8 43. Rg3 Rg8
44. Kg2 Ke5 45. Kf3 a5 46. bxa5 Kf5 47. Ke3 Ke5 48. Rg5+ Kf6 49. Kf4 Ke6
50. Rg6+ Kf7 51. Kf5 Ke7 52. Rg1 Kf7 53. Rg3 1-0

[Event "ESP-chT Div Honor 2018"]
[Site "Linares"]
[Date "2018.08.12"]
[Round "7"]
[White "Silva Lucena, Cristian"]
[Black "Cornette, Deimante"]
[Result "0-1"]
[WhiteElo "2237"]
[BlackElo "2463"]
[Annotator "TA"]
[EventDate "2018.08.06"]
[PlyCount "116"]
[EventType "team-tourn"]
[EventCountry "ESP"]

1. e4 Nf6 2. e5 Nd5 3. c4 Nb6 4. d4 d6 5. exd6 cxd6 6. Nc3 g6 7. a4 Bg7 8.
a5 N6d7 9. Nf3 O-O 10. Ra3 Nc6 11. d5 Nb4 12. Be2 Nc5 13. O-O Bf5 14. Ne1
$146 b6 15. axb6 Qxb6 16. Be3 Nba6 17. Qd2 Nb3 18. Qd1 $1 Nac5 19. Nb5 Qb8
20. Rxb3 Nxb3 21. Qxb3 a6 22. Nd4 Qxb3 23. Nxb3 Bxb2 24. Na5 $16 Bc3 25.
Nc6 Rfe8 26. Nf3 Bd7 27. Bd4 Bxd4 $14 28. Nfxd4 e5 29. dxe6 fxe6 30. Na5 e5
31. Nc2 Rab8 $1 32. Ne3 Rb2 33. Bd3 Reb8 34. Be4 Rd2 35. g4 Kg7 36. h3 Ra2
37. Nb7 Rd2 38. Rd1 Rxd1+ $11 39. Nxd1 Kf6 40. Nc3 Ke6 41. Kg2 Bc8 42. Na5
Rb2 43. h4 Kf7 44. Kg3 Be6 45. f3 Kf6 46. g5+ Kg7 47. Nb7 Bxc4 $17 48. Nxd6
Bf1 $1 49. Nd5 $2 Rg2+ $19 50. Kh3 Rxg5+ $1 51. Kh2 Rg2+ 52. Kh1 Rd2 53.
Kg1 Bd3 54. Nc7 Bxe4 55. Nxe4 Ra2 56. Ne6+ Kh6 57. Nf6 a5 58. Ng5 a4 0-1